Historia del comercio mundial / (Record no. 124536)

MARC details
000 -LEADER
campo de control de longitud fija 00657nam a2200193 i 4500
001 - NÚMERO DE CONTROL
campo de control 124536
003 - IDENTIFICADOR DE NÚMERO DE CONTROL
campo de control ES-MaACL
007 - CAMPO FIJO DE DESCRIPCIÓN FÍSICA--INFORMACIÓN GENERAL
campo de control de longitud fija t|
008 - DATOS DE LONGITUD FIJA--INFORMACIÓN GENERAL
campo de control de longitud fija 070329s1927 sp ||||1| spa d
100 1# - ENTRADA PRINCIPAL--NOMBRE DE PERSONA
Nombre de persona Schmidt, Max Georg.
9 (RLIN) 104486
245 10 - MENCIÓN DEL TÍTULO
Título Historia del comercio mundial /
Mención de responsabilidad, etc. Max Georg Schmidt ; traducido de la cuarta edición alemana y anotado por Manuel Sánchez Sarto.
260 ## - PUBLICACIÓN, DISTRIBUCIÓN, ETC.
Lugar de publicación, distribución, etc. Barcelona :
Nombre del editor, distribuidor, etc. Labor,
Fecha de publicación, distribución, etc. [1927]
300 ## - DESCRIPCIÓN FÍSICA
Extensión 208 p., XVI p. de lám. :
Otras características físicas il. ;
Dimensiones 17 cm.
490 1# - MENCIÓN DE SERIE
Mención de serie Colección Labor ;
Designación de volumen o secuencia 134
700 1# - ENTRADA AGREGADA--NOMBRE PERSONAL
Nombre de persona Sánchez Sarto, Manuel.
9 (RLIN) 102931
830 00 - PUNTO DE ACCESO ADICIONAL DE SERIE-TÍTULO UNIFORME
Título uniforme Colección Labor
Designación de volumen o secuencia 134
9 (RLIN) 184254
852 ## - LOCALIZACIÓN
Ubicación ES-MaACL
Número de control de estantería E-2662
Holdings
Estatus retirado Estado de pérdida Estado de daño No para préstamo Biblioteca de origen Biblioteca actual Ubicación en estantería Fecha de adquisición Fuente de adquisición Total de préstamos Signatura topográfica completa Código de barras Visto por última vez Precio de reemplazo Tipo de ítem Koha
        Biblioteca del Ateneo de Madrid Biblioteca del Ateneo de Madrid Depósito 2 17/01/2008     E-2662 1129750 23/02/2023 23/02/2023 Libro impreso